NBA most points in a single game (per season) - Statistics

General Stats
  • This quiz has been taken 39 times
  • The average score is 21 of 33
Answer Stats
Season Points Player % Correct
1996-97 51 Michael Jordan
97%
1995-96 53 Michael Jordan
97%
1992-93 64 Michael Jordan
97%
1989-90 69 Michael Jordan
97%
2018-19 61 James Harden
91%
2017-18 60 James Harden
91%
2015-16 60 Kobe Bryant
91%
2008-09 61 Kobe Bryant
91%
2007-08 53 Kobe Bryant
91%
2006-07 65 Kobe Bryant
91%
2005-06 81 Kobe Bryant
91%
2002-03 55 Kobe Bryant
91%
2010-11 51 LeBron James
88%
1999-00 61 Shaquille O'Neal
85%
2004-05 60 Allen Iverson
82%
2001-02 58 Allen Iverson
82%
1998-99 46 Allen Iverson
82%
2012-13 54 Stephen Curry
82%
2016-17 70 Devin Booker
71%
2003-04 62 Tracy McGrady
71%
2019-20 61 Damian Lillard
68%
1993-94 71 David Robinson
65%
2013-14 62 Carmelo Anthony
59%
1997-98 56 Karl Malone
53%
2011-12 57 Deron Williams
32%
1991-92 52 Dominique Wilkins
29%
2014-15 57 Kyrie Irving
18%
2009-10 55 Brandon Jennings
9%
1994-95 56 Glen Rice
9%
1998-99 46 Grant Hill
6%
2000-01 57 Jerry Stackhouse
6%
1990-91 54 Michael Adams
3%
1998-99 46 Antonio McDyess
0%
No matching quizzes found
Score Distribution
Percent of People with Each Score
Percentile by Number Answered
Your Score History
You have not taken this quiz